Statistics for Edinburgh Airport Destinations (Edinburgh, Scotland)

Click here to take the quiz!

General Stats

  • This quiz has been taken 36 times
  • The average score is 100 of 144

Answer Stats

AirlineDestination% Correct
easyJet/KLMAmsterdam
100%
Ryanair/VuelingBarcelona
100%
Aer Lingus/RyanairDublin
100%
LoganairIsle of Man
100%
British AirwaysLondon (City)
100%
easyJetLondon (Gatwick)
100%
British AirwaysLondon (Heathrow)
100%
easyJetLondon (Luton)
100%
easyJet/RyanairLondon (Stansted)
100%
easyJet/Iberia Express/RyanairMadrid
100%
easyJetMilan (Malpensa)
100%
Air France/easyJetParis (Charles de Gaulle)
100%
TransaviaParis (Orly)
100%
RyanairRome (Fiumicino)
100%
Aegean Airlines/easyJetAthens
95%
Delta Air LinesAtlanta
95%
Aer LingusBelfast (City)
95%
easyJet/RyanairBelfast (International)
95%
easyJet/RyanairBerlin
95%
Ryanair/Wizz AirBucharest
95%
Ryanair/Wizz AirBudapest
95%
EurowingsDusseldorf
95%
LufthansaFrankfurt
95%
Turkish AirlinesIstanbul
95%
easyJet/RyanairLisbon
95%
easyJet/LufthansaMunich
95%
Delta Air LinesNew York (JFK)
95%
Norwegian Air Shuttle/Scandinavian AirlinesOslo
95%
Norwegian Air Shuttle/Scandinavian AirlinesStockholm (Arlanda)
95%
Air CanadaToronto (Pearson)
95%
easyJet/RyanairVenice
95%
RyanairBordeaux
90%
Brussels AirlinesBrussels
90%
EurowingsCologne/Bonn
90%
easyJet/Norwegian Air Shuttle/Ryanair/Scandinavian AirlinesCopenhagen
90%
RyanairMarseille
90%
TUI AirwaysMelbourne/Orlando
90%
easyJet/Jet2.com/RyanairNaples
90%
Virgin AtlanticOrlando
90%
RyanairPorto
90%
easyJet/Jet2.comReykjavik
90%
United AirlinesChicago (O'Hare)
85%
Jet2.com/RyanairFaro
85%
easyJet/Jet2.comGeneva
85%
easyJet/RyanairHamburg
85%
FinnairHelsinki
85%
easyJet/RyanairKrakow
85%
easyJetLyon
85%
easyJetNice
85%
RyanairRiga
85%
RyanairVienna
85%
RyanairWarsaw (Modlin)
85%
EdelweissZurich
85%
Delta Air LinesBoston
80%
RyanairCork
80%
Qatar AirwaysDoha
80%
British AirwaysFlorence
80%
RyanairPalermo
80%
British Airways/easyJet/Jet2.com/Ryanair/TUI AirwaysPalma de Mallorca
80%
easyJet/RyanairPrague
80%
RyanairSeville
80%
British Airways/LoganairSouthampton
80%
easyJet/Jet2.com/Ryanair/TUI AirwaysTenerife (South)
80%
RyanairToulouse
80%
RyanairValencia
80%
United AirlinesWashington (Dulles)
80%
easyJet/Jet2.com/RyanairAlicante
75%
LoganairCardiff
75%
easyJetCatania
75%
Jet2.com/Ryanair/TUI AirwaysIbiza
75%
RyanairPisa
75%
TransaviaRotterdam/The Hague
75%
Jet2.comSalzburg
75%
RyanairSofia
75%
Jet2.com/RyanairTurin
75%
easyJet/Jet2.com/SunExpressAntalya
70%
RyanairBologna
70%
easyJet/Jet2.comDubrovnik
70%
Ryanair/Wizz AirGdansk
70%
RyanairGothenburg
70%
Jet2.com/SunExpressIzmir
70%
Jet2.comKos
70%
RyanairNantes
70%
Jet2.comSplit
70%
Jet2.comZakynthos
70%
RyanairBari
65%
LoganairBergen
65%
easyJetBristol
65%
easyJet/Jet2.com/Ryanair/TUI AirwaysCorfu
65%
RyanairEindhoven
65%
Jet2.com/RyanairGran Canaria
65%
easyJet/Jet2.comHeraklion
65%
Jet2.com/TUI AirwaysInnsbruck
65%
Jet2.comLarnaca
65%
easyJet/Jet2.comPaphos
65%
easyJet/Jet2.com/RyanairRhodes
65%
RyanairWroclaw
65%
easyJetBasel/Mulhouse
60%
easyJetJersey
60%
easyJet/Jet2.com/RyanairLanzarote
60%
Jet2.com/RyanairMalaga
60%
Jet2.com/TUI AirwaysMenorca
60%
United AirlinesNewark
60%
RyanairPoznan
60%
easyJet/Jet2.comSantorini
60%
Jet2.com/Ryanair/TUI AirwaysVerona
60%
RyanairZadar
60%
WestJetCalgary
55%
TUI AirwaysCancun
55%
easyJet/Jet2.com/RyanairFuerteventura
55%
easyJetKefalonia
55%
RyanairMarrakesh
55%
RyanairShannon
55%
easyJet/Jet2.comBodrum
50%
BH AirBurgas
50%
easyJet/Freebird Airlines/Jet2.com/TUI AirwaysDalaman
50%
LoganairStavanger
50%
Jet2.comThessaloniki
50%
RyanairBillund
45%
RyanairBournemouth
45%
RyanairBeauvais
40%
RyanairBergamo
40%
RyanairBratislava
40%
RyanairKaunas
40%
RyanairKnock
40%
Jet2.comReus
40%
easyJet/RyanairGrenoble
35%
Loganair/RyanairNewquay
35%
RyanairWeeze
35%
RyanairCharleroi
30%
RyanairSantiago de Compostela
30%
Jet2.comSkiathos
30%
Atlantic AirwaysVagar
30%
LoganairExeter
25%
LoganairKirkwall
25%
LoganairStornoway
25%
LoganairSumburgh
25%
Jet2.comPreveza/Lefkada
20%
RyanairCarcassonne
15%
RyanairSantander
15%
RyanairBeziers
10%
British Airways/TUI AirwaysChambery
10%
RyanairNimes
10%
RyanairPoitiers
0%

Score Distribution

Percentile by Number Answered

Percent of People with Each Score

Your Score History

You have not taken this quiz